| 000 | 00712nam a2200253Ia 4500 | ||
|---|---|---|---|
| 008 | 180207s9999 xx 000 0 und d | ||
| 020 | _a9786214150670 | ||
| 050 | _a500.2 | ||
| 050 | _bC112 2016 | ||
| 100 | _aCaballes, Dennis G. | ||
| 245 | _aPhysical science / | ||
| 245 | _cby Dennis G. Caballes, Marissa A. Rodriguez and Andy Nestor Ryan Pazon. | ||
| 260 | _aManila, Philippines : | ||
| 260 | _bJFS Publishing Services, | ||
| 260 | _c2016 | ||
| 300 | _a255 pages : | ||
| 300 | _billustrations ; | ||
| 300 | _c27cm. | ||
| 650 | _aPhysical science -- | ||
| 650 | _aScience -- | ||
| 650 | _xStudy and teaching (Secondary). | ||
| 650 | _xStudy and teaching (Secondary). | ||
| 700 | _aTitle. | ||
| 999 |
_c355916 _d355916 |
||